Chanteur / Chanteuse française sans voyelles - Statistiques

Statistiques générales
  • Ce quiz a été pris 203 fois
    190 depuis la dernière actualisation
  • Le résultat moyen est 9 sur 20
Statistiques - réponses
Sans voyelles Chanteur / Chanteuses % Correct
ZZ Zaz / Zazie
98%
GMS Gims
94%
GLDMN Jean-Jacques Goldman
91%
SBSTN Patrick Sébastien
87%
M M
79%
CLRC Julien Clerc
67%
ZNVR Charles Aznavour
60%
GLL France Gall
59%
SPRN Soprano
47%
RND Renaud
46%
VRTN Sylvie Vartan
46%
HLLD Johnny Hallyday
44%
SNT Santa
28%
NH Yannick Noah
26%
FRRR Nino Ferrer
25%
RD Axelle Red
9%
MN Manau
8%
MCS Enrico Macias
4%
BT Amel Bent
3%
CHR Stephane Eicher
0%
Aucun quiz correspondant
Distribution des résultats
% des personnes avec chaque résultat
Percentile par nombre de réponses
Votre historique - résultats
Vous n’avez pas pris ce quiz depuis la dernière actualisation